NBA Rosters 2023-2024 - Statistics

General Stats
  • This quiz has been taken 8,030 times
    4,383 since last reset
  • The average score is 205 of 452
Answer Stats
Answer % Correct
Trae Young
95%
Christian Braun
90%
Jamal Murray
90%
Jaylen Brown
90%
Jayson Tatum
90%
Thaddeus Young
90%
Bruce Brown
89%
Dejounte Murray
89%
Keegan Murray
89%
Kendall Brown
89%
Kobe Brown
89%
Kris Murray
89%
Moses Brown
89%
Troy Brown Jr.
89%
Coby White
87%
Derrick White
87%
Jrue Holiday
86%
Draymond Green
85%
LaMelo Ball
85%
LeBron James
85%
Seth Curry
85%
Stephen Curry
85%
A.J. Green
84%
Jalen Green
84%
Javonte Green
84%
Jeff Green
84%
Josh Green
84%
Justin Holiday
84%
Klay Thompson
84%
Kristaps Porziņģis
84%
Luka Dončić
84%
Aaron Holiday
83%
Anthony Davis
83%
Ausar Thompson
83%
Jalen Williams
83%
Jaylin Williams
83%
Patrick Williams
83%
Trayce Jackson-Davis
83%
Amen Thompson
82%
Grant Williams
82%
Johnny Davis
82%
Kenrich Williams
82%
Kyrie Irving
82%
Lonzo Ball
82%
Malik Williams
82%
Mark Williams
82%
Nikola Jokić
82%
Robert Williams III
82%
Tristan Thompson
82%
Vince Williams Jr.
82%
Ziaire Williams
82%
Clint Capela
81%
Davion Mitchell
80%
Donovan Mitchell
80%
Giannis Antetokounmpo
80%
James Harden
80%
Jalen Duren
79%
Jimmy Butler
79%
Kawhi Leonard
79%
Paul George
79%
Anthony Edwards
78%
Damian Lillard
78%
Jalen Brunson
78%
Ja Morant
78%
Jared Butler
78%
Joel Embiid
78%
Keyonte George
78%
Mikal Bridges
78%
Miles Bridges
78%
Shai Gilgeous-Alexander
78%
Tyrese Haliburton
78%
Zion Williamson
78%
Jalen Johnson
77%
Jaren Jackson Jr.
77%
Jarrett Allen
77%
Karl-Anthony Towns
77%
Kessler Edwards
77%
Aaron Gordon
76%
Bam Adebayo
76%
Cade Cunningham
76%
Cameron Johnson
76%
Darius Garland
76%
Devin Booker
76%
Eric Gordon
76%
Grayson Allen
76%
James Johnson
76%
Keldon Johnson
76%
Michael Porter Jr.
76%
Victor Wembanyama
76%
Austin Reaves
75%
D'Angelo Russell
75%
Rudy Gobert
75%
Tyrese Maxey
75%
Andrew Wiggins
74%
Craig Porter Jr.
74%
De'Aaron Fox
74%
DeMar DeRozan
74%
GG Jackson II
74%
Kevin Durant
74%
Tyler Herro
74%
Zach LaVine
74%
Andre Jackson Jr.
73%
Brook Lopez
73%
Isaiah Jackson
73%
Paolo Banchero
73%
Reggie Jackson
73%
Aaron Wiggins
72%
Domantas Sabonis
72%
Evan Mobley
72%
Chet Holmgren
71%
Khris Middleton
71%
Pascal Siakam
71%
Derrick Jones Jr.
70%
Ivica Zubac
70%
Jordan Poole
70%
Russell Westbrook
70%
Bradley Beal
69%
Brandon Ingram
69%
Colby Jones
69%
Damian Jones
69%
Dorian Finney-Smith
69%
Harrison Barnes
69%
Herbert Jones
69%
Jabari Smith Jr.
69%
Kai Jones
69%
Mike Conley
69%
Nikola Vučević
69%
Scottie Barnes
69%
Tre Jones
69%
Tyus Jones
69%
Anfernee Simons
68%
Ben Simmons
68%
Duncan Robinson
68%
Josh Hart
68%
Julius Randle
68%
Kentavious Caldwell-Pope
68%
Mitchell Robinson
68%
Myles Turner
68%
Orlando Robinson
68%
Al Horford
67%
Alperen Şengün
67%
Chris Paul
67%
Dennis Smith Jr.
67%
Fred VanVleet
67%
Jalen Smith
67%
Nick Smith Jr.
67%
Dereck Lively II
66%
Franz Wagner
66%
Moritz Wagner
66%
P.J. Washington
66%
Cam Thomas
65%
CJ McCollum
65%
Lauri Markkanen
65%
Payton Pritchard
65%
Tobias Harris
65%
Tristan Vukčević
65%
Gary Harris
64%
Isaiah Thomas
64%
Nic Claxton
64%
Deandre Ayton
63%
Jonathan Kuminga
63%
Jusuf Nurkić
63%
Desmond Bane
62%
Jaden McDaniels
62%
Jonas Valančiūnas
62%
Josh Giddey
62%
Kyle Kuzma
62%
Bogdan Bogdanović
61%
Bojan Bogdanović
61%
Jalen McDaniels
61%
Kyle Lowry
61%
Brandon Miller
60%
Max Strus
60%
Rui Hachimura
60%
Daniel Gafford
59%
De'Andre Hunter
59%
Dillon Brooks
59%
Leonard Miller
59%
Scoot Henderson
59%
Jalen Suggs
58%
Marcus Smart
58%
Nickeil Alexander-Walker
58%
OG Anunoby
58%
Donte DiVincenzo
57%
Kevon Looney
57%
Luguentz Dort
57%
Terry Rozier III
57%
John Collins
56%
Zach Collins
56%
Collin Sexton
55%
Jaden Ivey
55%
Kevin Love
55%
Norman Powell
55%
Wendell Carter Jr.
55%
Dennis Schröder
54%
Dwight Powell
54%
Jevon Carter
54%
RJ Barrett
54%
Brandon Clarke
53%
Jeremy Sochan
53%
Terance Mann
53%
Tre Mann
53%
Alex Caruso
52%
Steven Adams
52%
Isaiah Hartenstein
51%
Devin Vassell
50%
Naz Reid
50%
Cole Anthony
49%
Jerami Grant
49%
Kevin Huerter
49%
Brandin Podziemski
48%
Immanuel Quickley
48%
Kelly Oubre Jr.
48%
DeAndre Jordan
47%
Malik Beasley
47%
Caleb Martin
46%
Cody Martin
46%
Jordan Clarkson
46%
Kenyon Martin Jr.
46%
Tim Hardaway Jr.
46%
Anthony Black
45%
Jabari Walker
45%
Jakob Poeltl
45%
Jarace Walker
45%
Lonnie Walker IV
45%
Buddy Hield
44%
Jaxson Hayes
44%
Malik Monk
44%
Sam Hauser
44%
Spencer Dinwiddie
44%
Thanasis Antetokounmpo
43%
Walker Kessler
43%
Aaron Nesmith
42%
Andrew Nembhard
42%
Gabe Vincent
42%
Obi Toppin
42%
Bobby Portis
41%
Isaiah Stewart
41%
Jarred Vanderbilt
41%
Luke Kornet
41%
Caris LeVert
40%
Bennedict Mathurin
39%
Isaac Okoro
39%
Shaedon Sharpe
39%
Talen Horton-Tucker
39%
T.J. McConnell
39%
Andre Drummond
38%
Day'Ron Sharpe
38%
Gary Payton II
38%
Moses Moody
38%
P.J. Tucker
38%
Taurean Prince
38%
Trey Murphy III
38%
Dyson Daniels
37%
Gradey Dick
37%
Jaime Jaquez Jr.
37%
Marcus Morris Sr.
37%
Markelle Fultz
37%
Markieff Morris
37%
Monté Morris
37%
Nick Richards
37%
Deni Avdija
36%
Gordon Hayward
35%
Mason Plumlee
35%
Maxi Kleber
35%
Nicolas Batum
35%
Gary Trent Jr.
34%
Jose Alvarado
34%
Malcolm Brogdon
34%
Dante Exum
33%
Kyle Anderson
33%
Nikola Jović
33%
Onyeka Okongwu
33%
Patrick Beverley
33%
Saddiq Bey
33%
Bol Bol
32%
Christian Wood
32%
Derrick Rose
31%
Miles McBride
31%
AJ Griffin
30%
Dean Wade
30%
Isaiah Joe
30%
Ayo Dosunmu
29%
Cason Wallace
29%
Marvin Bagley III
29%
Xavier Tillman Sr.
29%
Jonathan Isaac
28%
Paul Reed
28%
Jaden Hardy
27%
James Wiseman
27%
Pat Connaughton
27%
Santi Aldama
27%
Bones Hyland
26%
Jae Crowder
26%
Jordan Walsh
26%
Cam Reddish
25%
Joe Ingles
25%
Kris Dunn
25%
Max Christie
25%
Mo Bamba
25%
Patty Mills
25%
Thomas Bryant
25%
Boban Marjanović
24%
Cameron Payne
24%
Dario Šarić
24%
Garrison Mathews
24%
Georges Niang
24%
Jett Howard
24%
Neemias Queta
24%
Wesley Matthews
24%
Alec Burks
23%
De'Anthony Melton
23%
Haywood Highsmith
23%
JaVale McGee
23%
Kelly Olynyk
23%
Larry Nance Jr.
23%
Precious Achiuwa
23%
Quentin Grimes
23%
Bilal Coulibaly
22%
Daniel Theis
22%
Luke Kennard
22%
Matisse Thybulle
22%
Peyton Watson
22%
Alex Len
21%
Cody Zeller
21%
Evan Fournier
21%
Julian Champagnie
21%
Amir Coffey
20%
Josh Okogie
20%
Keon Ellis
20%
Royce O'Neale
20%
Cam Whitmore
19%
Corey Kispert
19%
Josh Richardson
19%
Luka Garza
19%
Chris Boucher
18%
Damion Lee
18%
Malachi Flynn
18%
Shake Milton
18%
Tari Eason
18%
Torrey Craig
18%
Ty Jerome
18%
Vasilije Micić
18%
Ben Sheppard
17%
Cedi Osman
17%
Devonte' Graham
17%
Goga Bitadze
17%
Jalen Hood-Schifino
17%
Jericho Sims
17%
Naji Marshall
17%
Robert Covington
17%
Zeke Nnaji
17%
Aleksej Pokuševski
16%
Dalen Terry
16%
Danilo Gallinari
16%
Gui Santos
16%
Jae'Sean Tate
16%
Jock Landale
16%
Kobe Bufkin
16%
MarJon Beauchamp
16%
Oshae Brissett
16%
Trey Lyles
16%
Yuta Watanabe
16%
Bismack Biyombo
15%
Dāvis Bertāns
15%
Doug McDermott
15%
Drew Eubanks
15%
Jaden Springer
15%
Sam Merrill
15%
Simone Fontecchio
15%
Sviatoslav Mykhailiuk
15%
Toumani Camara
15%
Delon Wright
14%
Jordan McLaughlin
14%
Julian Strawther
14%
Maxwell Lewis
14%
Ousmane Dieng
14%
Richaun Holmes
14%
Brandon Boston Jr.
13%
Bruno Fernando
13%
Jalen Wilson
13%
John Konchar
13%
Jordan Hawkins
13%
Kira Lewis Jr.
13%
Marcus Sasser
13%
Olivier-Maxence Prosper
13%
Taj Gibson
13%
Malaki Branham
12%
Noah Clowney
12%
Ochai Agbaji
12%
Ömer Yurtseven
12%
Vlatko Čančar
12%
Dariq Whitehead
11%
Duop Reath
11%
Jake LaRavia
11%
JT Thor
11%
Landry Shamet
11%
Lester Quiñones
11%
Mike Muscala
11%
Reggie Bullock
11%
Sandro Mamukelashvili
11%
T. J. Warren
11%
Chris Duarte
10%
Dalano Banton
10%
David Roddy
10%
Keita Bates-Diop
10%
Kenneth Lofton Jr.
10%
Lindy Waters III
10%
Nassir Little
10%
Taylor Hendricks
10%
Taze Moore
10%
Usman Garuba
10%
Wendell Moore Jr.
10%
Anthony Gill
9%
Blake Wesley
9%
Garrett Temple
9%
Hunter Tyson
9%
Jordan Nwora
9%
Lamar Stevens
9%
Mouhamed Gueye
9%
Sasha Vezenkov
9%
Trendon Watford
9%
A. J. Lawson
8%
Charles Bassey
8%
Chris Livingston
8%
Chuma Okeke
8%
Jeremiah Robinson-Earl
8%
Julian Phillips
8%
Matt Ryan
8%
Rayan Rupert
8%
Ricky Council IV
8%
Trent Forrest
8%
Brice Sensabaugh
7%
Caleb Houstan
7%
Chimezie Metu
7%
Darius Bazley
7%
Jalen Pickett
7%
Jaylen Nowell
7%
Josh Minott
7%
Patrick Baldwin Jr.
7%
Sidy Cissoko
7%
Bryce McGowens
6%
DaQuan Jeffries
5%
E.J. Liddell
5%
Javon Freeman-Liberty
5%
Mamadi Diakite
5%
Onuralp Bitim
5%
Dominick Barlow
4%
Jeff Dowtin Jr.
4%
Luka Šamanić
4%
Stanley Umude
4%
Eugene Omoruyi
3%
No matching quizzes found
Score Distribution
Percent of People with Each Score
Percentile by Number Answered
Your Score History
You have not taken this quiz since the last reset